000 00616nam a2200229Ia 4500
003 OSt
005 20220928115257.0
006 a|||||r|||| 00| 0
007 ta
008 220927b |||||||| |||| 00| 0 eng d
024 _a63893
037 _cTextual
040 _aSDCL
_cSDCL
_beng
041 _2eng
_aeng
082 _aY:1.5'L, K9.1
100 _aBrison Gooch D. Ed.
_9443635
245 0 _aInterpreting Western Civilization
260 _aGeorgetown
_bDorsey Press
_c1969
300 _ax;465p.
_ccm.
942 _hY:1.5'L, K9.1
_cTEXL
_2CC
999 _c758762
_d758762